Prvý projekt zlepšenia IFRS predstavuje návrh novelizácie 25 štandardov

Rada pre Medzinárodné účtovné štandardy (International accouting standards board, IASB) vydala dňa 11. októbra 2007 návrh rôznych úprav, celkove dvadsiatich piatich štandardov v rámci svojho prvého projektu zlepšenia IFRS (tzv. annual improvements project). Ide o hromadne publikovaný návrh novelizá...

Descripción completa

Guardado en:
Detalles Bibliográficos
Autor principal: Mokošová, Daša, 1979-
Otros Autores: Vašek, Libor
Formato: Capítulo de libro
Lenguaje:eslovaco
Materias:
Etiquetas: Agregar Etiqueta
Sin Etiquetas, Sea el primero en etiquetar este registro!

MARC

LEADER 00000naa$a2200000$$$4500
001 0069342
005 20240502071834.5
041 0 |a slo 
044 |a SK 
245 1 0 |a Prvý projekt zlepšenia IFRS predstavuje návrh novelizácie 25 štandardov  |c Daša Mokošová, Libor Vašek 
520 |a Rada pre Medzinárodné účtovné štandardy (International accouting standards board, IASB) vydala dňa 11. októbra 2007 návrh rôznych úprav, celkove dvadsiatich piatich štandardov v rámci svojho prvého projektu zlepšenia IFRS (tzv. annual improvements project). Ide o hromadne publikovaný návrh novelizácie niekoľkých štandardov, ktorý však vznikol z rady individuálnych návrhov postupne diskutovaných v priebehu posledného roka. Dôvodom ich agregovania do jedného dokumentu je obsahové zameranie na malé (avšak nutné) zmeny. 
610 2 0 |a štandardy účtovné medzinárodné 
610 2 0 |a novelizácia 
610 2 0 |a harmonizácia 
610 2 0 |a pravidlá účtovné 
100 1 |a Mokošová, Daša, 1979- 
700 1 |a Vašek, Libor